| Tag |
First Indicator |
Second Indicator |
Subfields |
| LEADER |
00000cam a2200000Ia 4500 |
| 001 |
in00002786615 |
| 005 |
20211120170329.0 |
| 006 |
m d f |
| 007 |
cr cn||||||||| |
| 008 |
121101s2012 couab o f000 0 eng d |
| 035 |
|
|
|a (OCoLC)ocn815652484
|
| 040 |
|
|
|a GPO
|c GPO
|d GPO
|d MvI
|d UtOrBLW
|
| 049 |
|
|
|a WWW
|
| 074 |
|
|
|a 0430-P-03 (online)
|
| 086 |
0 |
|
|a E 9.16:NREL/TP-5400-55658
|
| 100 |
1 |
|
|a Lammert, Michael Dean,
|d 1949-
|
| 245 |
1 |
0 |
|a Eighteen-month final evaluation of UPS second generation diesel hybrid-electric delivery vans /
|c M. Lammert and K. Walkowicz.
|
| 246 |
3 |
|
|a 18 months final evaluation of UPS second generation diesel hybrid-electric delivery vans
|
| 264 |
|
1 |
|a Golden, Colo. :
|b National Renewable Energy Laboratory,
|c [2012]
|
| 300 |
|
|
|a 1 online resource (x, 36 pages) :
|b color illustrations, color maps.
|
| 336 |
|
|
|a text
|b txt
|2 rdacontent
|
| 337 |
|
|
|a computer
|b c
|2 rdamedia
|
| 338 |
|
|
|a online resource
|b cr
|2 rdacarrier
|
| 490 |
1 |
|
|a NREL/TP ;
|v 5400-55658
|
| 500 |
|
|
|a Title from title screen (viewed on November 1, 2012).
|
| 500 |
|
|
|a "September 2012."
|
| 500 |
|
|
|a "Technical report."
|
| 536 |
|
|
|b DE-AC36-08GO28308
|g FC08.3000
|
| 500 |
|
|
|a Electronic resource.
|
| 650 |
|
0 |
|a Hybrid electric cars
|x Evaluation.
|
| 650 |
|
0 |
|a Electric automobiles
|x Evaluation.
|
| 700 |
1 |
|
|a Walkowicz, K.
|
| 710 |
2 |
|
|a National Renewable Energy Laboratory (U.S.)
|
| 830 |
|
0 |
|a NREL/TP ;
|v 5400-55658.
|
| 856 |
4 |
0 |
|u https://purl.fdlp.gov/GPO/gpo30752
|t 0
|
| 999 |
|
|
|a MARS
|
| 999 |
f |
f |
|s bdf4fded-0be9-34f7-849c-c0e974ce3ee4
|i b47db3e7-d964-36ab-9218-49b1560a5bb3
|t 0
|
| 952 |
f |
f |
|a Texas A&M University
|b College Station
|c Electronic Resources
|d Available Online
|t 0
|e E 9.16:NREL/TP-5400-55658
|h Superintendent of Documents classification
|
| 998 |
f |
f |
|a E 9.16:NREL/TP-5400-55658
|t 0
|l Available Online
|